| 000 | 01094nam a2200289 a 4500 | ||
|---|---|---|---|
| 999 |
_c456231 _d456231 |
||
| 003 | BLK | ||
| 005 | 20250715085603.0 | ||
| 008 | 180411b bul|||||r ||||||| ||bul|| | ||
| 020 | _a9786190209775 | ||
| 040 | _aBLK | ||
| 041 |
_aBUL _cBUL |
||
| 080 |
_aФренска литература _b821.133.1 _x-31 _z821.133.1-31 |
||
| 100 |
_aНоло, Ерик _eпърви автор _9474581 |
||
| 139 |
_aНоло, Ерик _bН 88 |
||
| 240 | _aRuse | ||
| 245 | 1 | 0 |
_aПоследна спирка Русе _cЕрик Ноло; прев. от фр. Красимир Кавалджиев. |
| 257 | _aBGR | ||
| 260 |
_aСофия _bКолибри _c2022 _fСофия : Инвестпрес _9209486 _n978-619-02- ; 978-619-150- ; 978-954-150- ; 978-954-529- |
||
| 300 |
_a155 с. _c20 см |
||
| 380 | _aX | ||
| 490 |
_9203127 _aСъвременни трилъри |
||
| 700 |
_aКавалджиев, Красимир Стефанов _eпрев. от фр. _9268820 |
||
| 852 |
_aЦб 313913 _bЦб |
||
| 942 |
_cKNG _n0 _s1 _043 |
||
| 944 |
_k30576 _lЦветомила Тодорова |
||
| 999 | _d456231 | ||